| 000 | 00560nam a2200229Ia 4500 | ||
|---|---|---|---|
| 003 | OSt | ||
| 005 | 20221005124628.0 | ||
| 006 | a|||||r|||| 00| 0 | ||
| 007 | ta | ||
| 008 | 221004b |||||||| |||| 00| 0 guj d | ||
| 024 | _a46035 | ||
| 037 | _cTextual | ||
| 040 |
_aCRL _cCRL _bguj |
||
| 041 |
_2guj _aguj |
||
| 082 | _aY15:4:7, 156J6 | ||
| 100 |
_aNeelkant Ramanbhai _9635546 |
||
| 245 | 0 | _aNarikumbh | |
| 260 | _c1994 | ||
| 650 | _aWOMEN | ||
| 942 |
_hY15:4:7, 156J6 _cTEXL _2cc |
||
| 999 |
_c1051069 _d1051069 |
||